[Event "First Saturday 2010 oktober GM"]
[Site "Budapest"]
[Date "2010.10.07"]
[Round "6"]
[White "Hagen, Andreas"]
[Black "Neelotpal, Das"]
[Result "0-1"]
[WhiteElo "2311"]
[BlackElo "2454"]
[PlyCount "94"]
[EventDate "2010.10.02"]

1. d4 Nf6 2. c4 Nc6 3. Nf3 e6 4. a3 d6 5. g3 g6 6. Bg2 Bg7 7. O-O O-O 8. Nc3 h6
9. b4 Nd7 10. Bb2 Nb6 11. Qb3 d5 12. c5 Nc4 13. Ra2 b6 14. Ba1 bxc5 15. dxc5
N6e5 16. Nxe5 Nxe5 17. Qc2 c6 18. Rd1 Qc7 19. Na4 f5 20. Bd4 g5 21. Nc3 Rb8 22.
e3 g4 23. Qa4 Nf3+ 24. Bxf3 gxf3 25. Bxg7 Qxg7 26. Rd4 Bb7 27. Qd1 e5 28. Rh4
Ba6 29. Qa4 Bc4 30. Rc2 Rf6 31. h3 Rbf8 32. Rc1 Rg6 33. Kh2 f4 34. exf4 exf4
35. g4 Re8 36. Qd1 d4 37. Ne4 Bd5 38. Nd6 Re2 39. Rc2 Bb3 40. Rxe2 Bxd1 41.
Re8+ Kh7 42. Nf5 Qf6 43. Re7+ Qxe7 44. Nxe7 Re6 45. Nf5 d3 46. g5 d2 47. Nxh6
Bb3 0-1

[Event "First Saturday 2010 oktober GM"]
[Site "Budapest"]
[Date "2010.10.07"]
[Round "6"]
[White "Kislik, Erik A"]
[Black "Bui, Vinh"]
[Result "0-1"]
[WhiteElo "2357"]
[BlackElo "2449"]
[PlyCount "94"]
[EventDate "2010.10.02"]

1. e4 e6 2. d4 d5 3. Nd2 h6 4. Bd3 Nf6 5. e5 Nfd7 6. Ne2 c5 7. c3 b6 8. O-O
cxd4 9. cxd4 Ba6 10. Bxa6 Nxa6 11. f4 g6 12. Nf3 Qc7 13. Be3 Qb7 14. g4 O-O-O
15. f5 g5 16. f6 b5 17. a3 Nb6 18. b3 Kb8 19. Qd3 Nc7 20. Rfc1 Rc8 21. Rc2 Qa6
22. Bc1 Nd7 23. Bb2 Nb6 24. Ng3 Qb7 25. Qe2 a5 26. Bc3 a4 27. bxa4 Nxa4 28. Ba5
Qa6 29. Qd2 Na8 30. Rxc8+ Kxc8 31. Rc1+ Kb8 32. Bb4 N4b6 33. Bxf8 Rxf8 34. Qb4
Rd8 35. Rb1 Rc8 36. Qe7 Rc7 37. Qf8+ Ka7 38. Qxh6 Qxa3 39. Rf1 b4 40. Qxg5 b3
41. Qe3 Nc4 42. Qc3 b2 43. Qxa3+ Nxa3 44. Nd2 Nb6 45. Kf2 Rc2 46. Ke3 Rc1 47.
g5 Nbc4+ 0-1

[Event "First Saturday 2010 oktober GM"]
[Site "Budapest"]
[Date "2010.10.08"]
[Round "7"]
[White "Bui, Vinh"]
[Black "Banusz, Tamas"]
[Result "1/2-1/2"]
[WhiteElo "2449"]
[BlackElo "2550"]
[PlyCount "24"]
[EventDate "2010.10.02"]

1. d4 Nf6 2. c4 e6 3. Nc3 Bb4 4. Nf3 d5 5. Qa4+ Nc6 6. Bg5 h6 7. Bxf6 Qxf6 8.
e3 Bd7 9. Qc2 dxc4 10. Bxc4 O-O 11. a3 Bd6 12. O-O e5 1/2-1/2

[Event "First Saturday 2010 oktober GM"]
[Site "Budapest"]
[Date "2010.10.08"]
[Round "7"]
[White "Neelotpal, Das"]
[Black "Kislik, Erik A"]
[Result "1-0"]
[WhiteElo "2454"]
[BlackElo "2357"]
[PlyCount "43"]
[EventDate "2010.10.02"]

1. Nf3 Nf6 2. c4 g6 3. Nc3 d5 4. cxd5 Nxd5 5. g3 Bg7 6. Bg2 Nxc3 7. bxc3 c5 8.
h4 h6 9. Rb1 O-O 10. Qa4 Nd7 11. O-O a6 12. Qa3 e5 13. d3 Rb8 14. Be3 b6 15. d4
cxd4 16. cxd4 exd4 17. Bxd4 Bb7 18. Bxg7 Kxg7 19. Rfd1 Qc8 20. Qd6 Bc6 21. Bh3
Rb7 22. Ne5 1-0

[Event "First Saturday 2010 oktober GM"]
[Site "Budapest"]
[Date "2010.10.08"]
[Round "7"]
[White "Antal, Gergely"]
[Black "Hagen, Andreas"]
[Result "1-0"]
[WhiteElo "2526"]
[BlackElo "2311"]
[PlyCount "115"]
[EventDate "2010.10.02"]

1. e4 e5 2. Nf3 Nc6 3. Bc4 Bc5 4. b4 Bb6 5. a4 a6 6. Nc3 Nf6 7. Nd5 d6 8. Nxb6
cxb6 9. Qe2 O-O 10. c3 Be6 11. Bxe6 fxe6 12. O-O Nh5 13. d4 Qf6 14. dxe5 Nxe5
15. Nd4 Qg6 16. f4 Nc6 17. Qc4 Nxd4 18. Qxd4 Nf6 19. Re1 d5 20. f5 Qg4 21. fxe6
Qxe6 22. e5 Rac8 23. Bb2 Ng4 24. Rad1 Rf2 25. Ba1 Rcf8 26. c4 dxc4 27. h3 Nh6
28. Qd5 Qxd5 29. Rxd5 Rc2 30. e6 c3 31. Rd3 Nf5 32. Bxc3 Rc8 33. Be5 Re8 34.
Bc3 Rc8 35. Bd2 Re8 36. Rd7 Rc6 37. e7 Rd6 38. Rxd6 Nxd6 39. b5 axb5 40. Bb4
Nc8 41. axb5 h5 42. Ba3 Kf7 43. Rf1+ Ke6 44. Rd1 Nxe7 45. Rd6+ Kf7 46. Rxb6 Rb8
47. Bxe7 Kxe7 48. Kf2 Ra8 49. Rxb7+ Kf6 50. Rb6+ Kg5 51. Ra6 Rd8 52. Ra2 Kf4
53. b6 Rb8 54. Rb2 Rb7 55. Rb4+ Ke5 56. Ke3 g5 57. Rb5+ Kf6 58. Kd4 1-0

[Event "First Saturday 2010 oktober GM"]
[Site "Budapest"]
[Date "2010.10.08"]
[Round "7"]
[White "Czebe, Attila"]
[Black "Natsidis, Christoph"]
[Result "1-0"]
[WhiteElo "2479"]
[BlackElo "2318"]
[PlyCount "81"]
[EventDate "2010.10.02"]

1. c4 c5 2. Nf3 Nf6 3. d4 cxd4 4. Nxd4 e6 5. Nc3 d5 6. Bg5 e5 7. Nf3 d4 8. Nd5
Be7 9. Bxf6 Bxf6 10. Nd2 Nc6 11. g3 Bg4 12. h3 Be6 13. Bg2 O-O 14. O-O Be7 15.
f4 exf4 16. Nxf4 Bd7 17. Nf3 Rc8 18. Kh1 Bc5 19. a3 a5 20. Qd2 a4 21. Rad1 Re8
22. e4 Rxe4 23. Ng5 Qxg5 24. Bxe4 Qxg3 25. Bd5 Be8 26. Rf3 Qh4 27. Nd3 Bd6 28.
Qe2 Qe7 29. Qg2 Kh8 30. Re1 Ne5 31. Rg3 f6 32. Nf4 Bc6 33. Qe4 Rc7 34. Qxd4 Bc5
35. Qd2 Rd7 36. Qg2 Bxd5 37. cxd5 Bd6 38. Ne6 Ng6 39. Rc3 Kg8 40. Rc8+ Kf7 41.
Rf1 1-0

[Event "First Saturday 2010 oktober GM"]
[Site "Budapest"]
[Date "2010.10.08"]
[Round "7"]
[White "Lorand, Norbert"]
[Black "Wittmann, Walter"]
[Result "1/2-1/2"]
[WhiteElo "2369"]
[BlackElo "2303"]
[PlyCount "22"]
[EventDate "2010.10.02"]

1. e4 c5 2. Nf3 Nc6 3. d4 cxd4 4. Nxd4 Nf6 5. Nc3 d6 6. Bg5 e6 7. Qd2 Be7 8.
O-O-O Nxd4 9. Qxd4 O-O 10. Bc4 h6 11. Bh4 Qa5 1/2-1/2

[Event "First Saturday 2010 oktober GM"]
[Site "Budapest"]
[Date "2010.10.09"]
[Round "8"]
[White "Banusz, Tamas"]
[Black "Wittmann, Walter"]
[Result "1-0"]
[WhiteElo "2550"]
[BlackElo "2303"]
[PlyCount "73"]
[EventDate "2010.10.02"]

1. d4 d5 2. Nf3 Nf6 3. c4 e6 4. g3 dxc4 5. Bg2 a6 6. O-O Nc6 7. Bg5 Be7 8. e3
Rb8 9. Nfd2 Nd5 10. Bxe7 Ndxe7 11. Nxc4 b5 12. Ncd2 e5 13. Qc1 Bb7 14. Nb3 exd4
15. Rd1 O-O 16. Qc5 Qd6 17. Qxd6 cxd6 18. Nxd4 Nxd4 19. Rxd4 Rfc8 20. Nc3 Bxg2
21. Kxg2 Rc6 22. a3 f6 23. Rad1 Rbb6 24. g4 Kf7 25. f4 g6 26. Kf3 h6 27. h4 f5
28. h5 gxh5 29. gxf5 Nxf5 30. Rd5 Ng7 31. R5d2 a5 32. Rd5 b4 33. Ne4 Ke6 34.
Rxa5 bxa3 35. bxa3 Ra6 36. Rxd6+ Rxd6 37. Nc5+ 1-0

[Event "First Saturday 2010 oktober GM"]
[Site "Budapest"]
[Date "2010.10.09"]
[Round "8"]
[White "Natsidis, Christoph"]
[Black "Lorand, Norbert"]
[Result "1/2-1/2"]
[WhiteElo "2318"]
[BlackElo "2369"]
[PlyCount "23"]
[EventDate "2010.10.02"]

1. d4 Nf6 2. c4 e6 3. Nf3 d5 4. g3 dxc4 5. Bg2 a6 6. Ne5 c5 7. Na3 cxd4 8.
Naxc4 Ra7 9. O-O b5 10. Nd2 Bb7 11. Bxb7 Rxb7 12. Nb3 1/2-1/2

[Event "First Saturday 2010 oktober GM"]
[Site "Budapest"]
[Date "2010.10.09"]
[Round "8"]
[White "Hagen, Andreas"]
[Black "Czebe, Attila"]
[Result "1-0"]
[WhiteElo "2311"]
[BlackElo "2479"]
[PlyCount "79"]
[EventDate "2010.10.02"]

1. d4 d5 2. c4 e5 3. dxe5 d4 4. Nf3 Nc6 5. a3 a5 6. Nbd2 Nge7 7. Nb3 Nf5 8. g4
Nh4 9. Nbxd4 Nxf3+ 10. Nxf3 Qxd1+ 11. Kxd1 Bxg4 12. Be3 g6 13. Rg1 O-O-O+ 14.
Kc1 Be6 15. Bg5 Rd7 16. Bf6 Bh6+ 17. e3 Re8 18. Kc2 Bf5+ 19. Kc3 Kb8 20. Be2
Bf8 21. Rad1 Rxd1 22. Bxd1 Be7 23. Ba4 Bxf6 24. exf6 Rd8 25. Rd1 Rxd1 26. Bxd1
Bg4 27. h3 Bh5 28. b4 axb4+ 29. axb4 g5 30. b5 Bxf3 31. Bxf3 Ne5 32. Bd5 c5 33.
bxc6 bxc6 34. f4 gxf4 35. exf4 Nd7 36. Bxc6 Nxf6 37. Kd4 Kc7 38. Ke5 Nh5 39.
Bf3 Ng7 40. Be4 1-0

[Event "First Saturday 2010 oktober GM"]
[Site "Budapest"]
[Date "2010.10.09"]
[Round "8"]
[White "Kislik, Erik A"]
[Black "Antal, Gergely"]
[Result "0-1"]
[WhiteElo "2357"]
[BlackElo "2526"]
[PlyCount "80"]
[EventDate "2010.10.02"]

1. e4 c5 2. Nf3 Nc6 3. d4 cxd4 4. Nxd4 Nf6 5. Nc3 e5 6. Ndb5 d6 7. Bg5 a6 8.
Na3 b5 9. Nd5 Be7 10. Bxf6 Bxf6 11. c4 b4 12. Nc2 O-O 13. h4 a5 14. g3 Be6 15.
Bh3 a4 16. Bxe6 fxe6 17. Ndxb4 Nxb4 18. Nxb4 Qb6 19. Qd2 Be7 20. a3 Rf3 21. Rf1
Raf8 22. Rc1 d5 23. cxd5 Bc5 24. Rc3 Rxf2 25. Rxf2 Bxf2+ 26. Kd1 Bd4 27. Rc6
Qd8 28. Qe2 exd5 29. Nxd5 Kh8 30. Kc1 Qb8 31. Nb4 h6 32. Qa6 Qe8 33. Kb1 Qh5
34. Ka2 Rf2 35. Qc8+ Kh7 36. Rc2 Rf1 37. Qa8 Qd1 38. Qxa4 Qb1+ 39. Kb3 Rf3+ 40.
Kc4 Bxb2 0-1

[Event "First Saturday 2010 oktober GM"]
[Site "Budapest"]
[Date "2010.10.09"]
[Round "8"]
[White "Bui, Vinh"]
[Black "Neelotpal, Das"]
[Result "0-1"]
[WhiteElo "2449"]
[BlackElo "2454"]
[PlyCount "60"]
[EventDate "2010.10.02"]

1. d4 d5 2. Nf3 c6 3. Bf4 Nf6 4. e3 Bg4 5. c4 Bxf3 6. gxf3 e6 7. Nc3 Be7 8. Qb3
Qd7 9. Rg1 g6 10. e4 O-O 11. Be5 a5 12. a4 Na6 13. O-O-O Nb4 14. Kb1 Nh5 15.
Bh3 dxc4 16. Qxc4 Bd6 17. Bg4 Nf4 18. Bxf4 Bxf4 19. d5 exd5 20. exd5 Qc7 21.
dxc6 Rad8 22. h4 bxc6 23. h5 Kg7 24. hxg6 hxg6 25. Bf5 Rxd1+ 26. Nxd1 Rd8 27.
Be4 Rd2 28. Rh1 Qd6 29. Qc3+ Be5 30. Qc1 f5 0-1

[Event "First Saturday 2010 oktober GM"]
[Site "Budapest"]
[Date "2010.10.10"]
[Round "9"]
[White "Neelotpal, Das"]
[Black "Banusz, Tamas"]
[Result "1/2-1/2"]
[WhiteElo "2454"]
[BlackElo "2550"]
[PlyCount "29"]
[EventDate "2010.10.02"]

1. Nf3 d5 2. d4 Nf6 3. c4 e6 4. g3 Be7 5. Bg2 O-O 6. O-O dxc4 7. Qc2 a6 8. Qxc4
b5 9. Qc2 Bb7 10. Bd2 Ra7 11. Rc1 Be4 12. Qb3 Bd5 13. Qc2 Be4 14. Qb3 Bd5 15.
Qc2 1/2-1/2

[Event "First Saturday 2010 oktober GM"]
[Site "Budapest"]
[Date "2010.10.10"]
[Round "9"]
[White "Antal, Gergely"]
[Black "Bui, Vinh"]
[Result "1-0"]
[WhiteElo "2526"]
[BlackElo "2449"]
[PlyCount "55"]
[EventDate "2010.10.02"]

1. e4 e6 2. d4 d5 3. Nd2 h6 4. Ngf3 Nf6 5. e5 Nfd7 6. c4 dxc4 7. Bxc4 Nb6 8.
Bb3 Bd7 9. O-O Bc6 10. Bc2 Bd5 11. Ne4 N8d7 12. Be3 Rc8 13. Rc1 c5 14. Bb1 cxd4
15. Bxd4 Be7 16. b3 Rxc1 17. Qxc1 Qb8 18. Qc3 Bc6 19. Nfd2 Nd5 20. Qg3 O-O 21.
f4 Bb5 22. Nc4 Qc7 23. Ned6 Bxc4 24. bxc4 Nb4 25. f5 f6 26. Qg6 Nxe5 27. Bxe5
fxe5 28. f6 1-0

[Event "First Saturday 2010 oktober GM"]
[Site "Budapest"]
[Date "2010.10.10"]
[Round "9"]
[White "Czebe, Attila"]
[Black "Kislik, Erik A"]
[Result "1-0"]
[WhiteElo "2479"]
[BlackElo "2357"]
[PlyCount "53"]
[EventDate "2010.10.02"]

1. c4 Nf6 2. Nc3 d5 3. cxd5 Nxd5 4. Nf3 g6 5. Qa4+ Nc6 6. Nxd5 Qxd5 7. e4 Qd8
8. d4 Bd7 9. d5 Ne5 10. Qd4 Nxf3+ 11. gxf3 f6 12. Bc4 Bg7 13. h4 c5 14. Qxc5
Rc8 15. Qd4 Qc7 16. Bb3 Qxc1+ 17. Rxc1 Rxc1+ 18. Bd1 Bh6 19. O-O Kf7 20. Ba4
Rxf1+ 21. Kxf1 Bh3+ 22. Ke2 Rc8 23. d6 Rc1 24. Bd1 exd6 25. Qd5+ Be6 26. Qxb7+
Kg8 27. Bb3 1-0

[Event "First Saturday 2010 oktober GM"]
[Site "Budapest"]
[Date "2010.10.10"]
[Round "9"]
[White "Lorand, Norbert"]
[Black "Hagen, Andreas"]
[Result "0-1"]
[WhiteElo "2369"]
[BlackElo "2311"]
[PlyCount "62"]
[EventDate "2010.10.02"]

1. e4 e5 2. Nf3 Nc6 3. Bc4 Bc5 4. c3 Nf6 5. b4 Bb6 6. d3 d6 7. a4 a6 8. O-O O-O
9. h3 h6 10. Nbd2 Re8 11. Bb3 Be6 12. Nc4 Ba7 13. Kh2 Ne7 14. b5 Ng6 15. Rb1
axb5 16. axb5 d5 17. exd5 Bxd5 18. Rb2 e4 19. dxe4 Nxe4 20. Rc2 c6 21. bxc6
bxc6 22. Kg1 Qb8 23. Ba2 Bc5 24. Qd3 Ng3 25. Rb2 Qc7 26. Rd1 Be4 27. Qd2 Bxf3
28. gxf3 Re2 29. Qxe2 Nxe2+ 30. Rxe2 Qg3+ 31. Kf1 Qxh3+ 0-1

[Event "First Saturday 2010 oktober GM"]
[Site "Budapest"]
[Date "2010.10.10"]
[Round "9"]
[White "Wittmann, Walter"]
[Black "Natsidis, Christoph"]
[Result "1/2-1/2"]
[WhiteElo "2303"]
[BlackElo "2318"]
[PlyCount "20"]
[EventDate "2010.10.02"]

1. e4 c6 2. d4 d5 3. Nd2 dxe4 4. Nxe4 Bf5 5. Ng3 Bg6 6. Nf3 Nd7 7. h4 h6 8. h5
Bh7 9. Bd3 Bxd3 10. Qxd3 Ngf6 1/2-1/2